| 000 | 00385nam a2200157Ia 4500 | ||
|---|---|---|---|
| 008 | 230524s9999 xx 000 0 und d | ||
| 082 |
_a612 _bMIL |
||
| 100 |
_aRonald D.Miller _925364 |
||
| 245 | 0 | _aMiller's Anesthesia Vol-2 | |
| 250 | _a6TH | ||
| 260 |
_aNEW DELHI _bElsevier _c2005 |
||
| 300 | _aXVIII;3199 | ||
| 500 | _aQuantity Number: 1 | ||
| 650 | _aBiomedical | ||
| 942 | _cBK | ||
| 999 |
_c37416 _d37416 |
||